Calcul égal à 10 - Mort subite - Statistiques

Statistiques générales
  • Ce quiz a été pris 723 fois
    704 depuis la dernière actualisation
  • Le résultat moyen est 4 sur 9
Answers on the Grid
Answers color-coded by a green-red scale on the quiz's grid according to % correct below.
3x5-2
2x5
4x4-10
10-20x(-1)
20x0,5
8-2+4
20/2
4x5-11
10/2+6
14-4-1
10+108-1
25-5x4
4+12
22-10-2
81/9+1
100/10-3x0
65-45-10
30/2
14x2-19
12-3
25/5+5
30-10-11
 
Statistiques - réponses
Réponse % Correct
20/2
63%
2x5
61%
22-10-2
51%
20x0,5
49%
8-2+4
47%
25/5+5
41%
65-45-10
39%
81/9+1
38%
100/10-3x0
32%
Aucun quiz correspondant
Distribution des résultats
% des personnes avec chaque résultat
Percentile par nombre de réponses
Votre historique - résultats
Vous n’avez pas pris ce quiz depuis la dernière actualisation